000
00200nam a22000857a 4500
008
230201b |||||||| |||| 00| 0 eng d
020
_a
9780439657327
100
_a
Capucilli Satin
_9
7406
245
_a
Biscuit
999
_c
12227
_d
12227